[Event "2nd GMA World Cup prel  #2"]
[Site "Moscow URS"]
[Date "1989.??.??"]
[Round "3"]
[White "Reshevsky, Samuel"]
[Black "Vyzhmanavin, Alexei"]
[Result "1/2-1/2"]
[WhiteElo "2450"]
[BlackElo "2550"]
[EventDate "1989.05.??"]
[PlyCount "63"]

1.d4 Nf6 2.Nf3 e6 3.c4 b6 4.g3 Ba6 5.b3 Bb4+ 6.Bd2 Be7 7.Bg2 d5 8.O-O O-O 
9.Ne5 Bb7 10.Bc3 Ne4 11.Bb2 Nd7 12.Nd3 Bd6 13.Nd2 Qe7 14.Nf3 c5 15.Nfe5 
Rfd8 16.e3 cxd4 17.Nxd7 dxc4 18.bxc4 dxe3 19.Nf6+ Nxf6 20.Bxf6 gxf6 21.
Qg4+ Kh8 22.Bxb7 Qxb7 23.fxe3 Be7 24.Rad1 Rd7 25.Ne5 fxe5 26.Rxd7 Qxd7 27.
Rxf7 Rg8 28.Qh5 Rg7 29.Qxe5 Qd1+ 30.Kg2 Qe2+ 31.Kg1 Qd1+ 32.Kf2 1/2-1/2

[Event "2nd GMA World Cup prel  #2"]
[Site "Moscow URS"]
[Date "1989.??.??"]
[Round "3"]
[White "Popchev, Milko"]
[Black "Balashov, Yury"]
[Result "1/2-1/2"]
[WhiteElo "2465"]
[BlackElo "2530"]
[EventDate "1989.05.??"]
[PlyCount "33"]

1.e4 e5 2.Nc3 Nf6 3.g3 Nc6 4.Bg2 Bc5 5.d3 a6 6.Be3 Bxe3 7.fxe3 O-O 8.Qd2 
d6 9.Nf3 Be6 10.O-O d5 11.Ng5 d4 12.Nxe6 fxe6 13.Ne2 dxe3 14.Qxe3 Ng4 15.
Qd2 Qe7 16.Bh3 h5 17.Kg2 1/2-1/2

[Event "2nd GMA World Cup prel  #2"]
[Site "Moscow URS"]
[Date "1989.??.??"]
[Round "3"]
[White "Adorjan, Andras"]
[Black "Inkiov, Ventzislav"]
[Result "1/2-1/2"]
[WhiteElo "2525"]
[BlackElo "2470"]
[EventDate "1989.05.??"]
[PlyCount "21"]

1.c4 Nf6 2.Nc3 e6 3.e4 d5 4.cxd5 exd5 5.e5 Ne4 6.Nf3 Nxc3 7.bxc3 c5 8.Bb5+
Nc6 9.O-O Be7 10.d4 O-O 11.h3 1/2-1/2

[Event "2nd GMA World Cup prel  #2"]
[Site "Moscow URS"]
[Date "1989.??.??"]
[Round "3"]
[White "Cvitan, Ognjen"]
[Black "Panchenko, Alexander"]
[Result "1-0"]
[WhiteElo "2525"]
[BlackElo "2465"]
[EventDate "1989.05.??"]
[PlyCount "71"]

1.d4 Nf6 2.c4 e6 3.Nf3 d5 4.Nc3 c6 5.e3 Nbd7 6.Qc2 Bd6 7.Be2 O-O 8.O-O 
dxc4 9.Bxc4 b5 10.Be2 Bb7 11.Rd1 Qe7 12.e4 e5 13.dxe5 Nxe5 14.Nd4 Bc5 15.
Nf5 Qc7 16.Be3 Bxe3 17.Nxe3 Qb6 18.Rd6 Qc5 19.Qd2 b4 20.Na4 Qa5 21.Qc2 
Rad8 22.Rad1 Rxd6 23.Rxd6 Qc7 24.Rd4 a5 25.f4 Ng6 26.e5 Nd7 27.Nc5 Nxc5 
28.Qxc5 Rd8 29.Nf5 Rxd4 30.Qxd4 Bc8 31.Nd6 c5 32.Qe4 Nf8 33.f5 g6 34.g4 f6
35.Bc4+ Kh8 36.Qd5 1-0

[Event "2nd GMA World Cup prel  #2"]
[Site "Moscow URS"]
[Date "1989.??.??"]
[Round "3"]
[White "Smagin, Sergei"]
[Black "Ulibin, Mikhail"]
[Result "1/2-1/2"]
[WhiteElo "2540"]
[BlackElo "2445"]
[EventDate "1989.05.??"]
[PlyCount "88"]

1.e4 e6 2.d4 d5 3.Nd2 c5 4.Ngf3 Nf6 5.exd5 exd5 6.Be2 Nc6 7.O-O cxd4 8.Nb3
Be7 9.Nfxd4 O-O 10.Bf4 Ne4 11.c3 Bf6 12.Re1 Nxd4 13.Nxd4 Qb6 14.Rb1 Bd7 
15.Be3 Qd6 16.Qc2 Rac8 17.Rbd1 a6 18.Bd3 Rfe8 19.f3 Ng5 20.Nf5 Qc7 21.Qf2 
Ne6 22.Bc2 Bc6 23.Bb6 Qb8 24.Qg3 Qxg3 25.hxg3 Bd8 26.Bf2 Bc7 27.Rd2 g6 28.
Nh6+ Kg7 29.Ng4 d4 30.Bb3 dxc3 31.bxc3 Rcd8 32.Rde2 Bb5 33.Re4 h5 34.Ne3 
Nc5 35.Rxe8 Rxe8 36.Rd1 Be5 37.c4 Bc6 38.Nd5 Nxb3 39.axb3 Rd8 40.f4 Bb2 
41.Rd2 Bc3 42.Rd3 Bb2 43.Bb6 Re8 44.Kf2 Re6 1/2-1/2

[Event "2nd GMA World Cup prel  #2"]
[Site "Moscow URS"]
[Date "1989.??.??"]
[Round "3"]
[White "Chiburdanidze, Maia"]
[Black "Fauland, Alexander"]
[Result "0-1"]
[WhiteElo "2520"]
[BlackElo "2450"]
[EventDate "1989.05.??"]
[PlyCount "36"]

1.e4 c5 2.Nc3 Nc6 3.Nf3 e6 4.d4 cxd4 5.Nxd4 Qc7 6.g3 a6 7.Bg2 Nf6 8.O-O 
Nxd4 9.Qxd4 Bc5 10.Qd1 d6 11.Bf4 Bd7 12.a3 Rc8 13.Rc1 h6 14.Nb1 a5 15.c4 
O-O 16.Bd2 Qb6 17.Bc3 e5 18.Bf3 Bh3 0-1

[Event "2nd GMA World Cup prel  #2"]
[Site "Moscow URS"]
[Date "1989.??.??"]
[Round "3"]
[White "Tunik, Gennady"]
[Black "Gutman, Lev"]
[Result "1-0"]
[WhiteElo "2435"]
[BlackElo "2535"]
[EventDate "1989.05.??"]
[PlyCount "89"]

1.d4 Nf6 2.c4 g6 3.Nc3 d5 4.cxd5 Nxd5 5.e4 Nxc3 6.bxc3 Bg7 7.Qa4+ Nd7 8.
Nf3 O-O 9.Be3 c5 10.Rc1 Nf6 11.Bd3 Ng4 12.Bg5 h6 13.Bh4 cxd4 14.cxd4 Ne5 
15.Nxe5 Bxe5 16.d5 Qd6 17.Bg3 Bxg3 18.hxg3 Bd7 19.Qd4 h5 20.e5 Qa3 21.O-O 
Rfc8 22.Rb1 b6 23.e6 Be8 24.Rfe1 f6 25.Rbd1 Rd8 26.Bb1 Rac8 27.g4 Qa4 28.
Qb2 Qxg4 29.Qa3 Rc7 30.d6 exd6 31.Rxd6 Rdc8 32.e7 Qf4 33.Rd8 Kg7 34.g3 Qa4
35.Qe3 Rc3 36.Qd2 R8c7 37.Be4 R3c5 38.Bd5 Rc2 39.Qe3 R2c5 40.Qe6 Rxd5 41.
Qxd5 Qb4 42.Re4 Qb1+ 43.Kg2 Rc1 44.Rxe8 Rg1+ 45.Kf3 1-0

[Event "2nd GMA World Cup prel  #2"]
[Site "Moscow URS"]
[Date "1989.??.??"]
[Round "3"]
[White "Tseitlin, Mark"]
[Black "Lerner, Konstantin"]
[Result "0-1"]
[WhiteElo "2430"]
[BlackElo "2535"]
[EventDate "1989.05.??"]
[PlyCount "141"]

1.e4 c5 2.Nf3 d6 3.d4 cxd4 4.Qxd4 a6 5.Bg5 Nc6 6.Qd2 h6 7.Bh4 g5 8.Bg3 Bg7
9.c3 Nf6 10.Bd3 d5 11.exd5 Qxd5 12.O-O Bf5 13.Bxf5 Qxf5 14.Na3 O-O 15.Nc2 
Ne4 16.Qe2 Nxg3 17.hxg3 Rad8 18.Rad1 Qa5 19.a3 e6 20.Rxd8 Rxd8 21.Rd1 Qc7 
22.Rd3 b5 23.Qe4 Rxd3 24.Qxd3 g4 25.Nd2 Ne5 26.Qe4 Qd8 27.Nd4 Qd5 28.Qxd5 
exd5 29.Kf1 Nd3 30.b3 Nc1 31.Ke1 h5 32.Kd1 Nd3 33.f3 Nc5 34.Kc2 Be5 35.Nf5
Kf8 36.Nf1 Nd7 37.N1e3 Nf6 38.Kd3 Ke8 39.f4 Bc7 40.Kd4 Bb6+ 41.Ke5 Bxe3 
42.Kxf6 Bd2 43.Ng7+ Kf8 44.Nxh5 Bxc3+ 45.Kf5 Ke7 46.Kxg4 a5 47.a4 bxa4 48.
bxa4 Kd6 49.Kf3 Kc5 50.f5 Kb4 51.Nf4 Kxa4 52.Nxd5 Bb2 53.Ke4 Kb3 54.Nb6 f6
55.g4 Bc1 56.Nd7 Kc4 57.Nb6+ Kb3 58.Nd7 Kc4 59.Nb6+ Kc3 60.Nd5+ Kb3 61.Nf4
a4 62.g5 fxg5 63.Nd3 Ba3 64.f6 Bf8 65.Kd4 a3 66.f7 g4 67.g3 Be7 68.Kd5 Kc3
69.Nc1 Kc2 70.Ne2 a2 71.Nd4+ 0-1

[Event "2nd GMA World Cup prel  #2"]
[Site "Moscow URS"]
[Date "1989.??.??"]
[Round "3"]
[White "Savon, Vladimir"]
[Black "Dautov, Rustem"]
[Result "1/2-1/2"]
[WhiteElo "2425"]
[BlackElo "2535"]
[EventDate "1989.05.??"]
[PlyCount "88"]

1.d4 Nf6 2.c4 e6 3.Nc3 Bb4 4.Bd2 d5 5.e3 O-O 6.Nf3 b6 7.cxd5 exd5 8.Bd3 
Bd6 9.Nb5 Be7 10.Rc1 c5 11.dxc5 bxc5 12.Bc3 Nbd7 13.Ne5 Qb6 14.a4 a6 15.
Nxd7 Bxd7 16.Na3 Qc6 17.O-O Qxa4 18.Qxa4 Bxa4 19.f3 Rfe8 20.Kf2 Nd7 21.Ra1
c4 22.Bc2 Nc5 23.Bxa4 Nxa4 24.Rfd1 Red8 25.Nc2 Nxc3 26.bxc3 a5 27.Nd4 Bf6 
28.Ra4 Rdb8 29.Rd2 Kf8 30.f4 Rb6 31.Ne2 Rb5 32.Kf3 Re8 33.g4 h6 34.Nd4 
Bxd4 35.Rxd4 Rb3 36.Rxd5 Rxc3 37.Re5 Rxe5 38.fxe5 Ke7 39.Rxa5 Ke6 40.Ke4 
Rc2 41.Ra6+ Ke7 42.Ra7+ Ke6 43.Ra6+ Ke7 44.Ra7+ Ke6 1/2-1/2

[Event "2nd GMA World Cup prel  #2"]
[Site "Moscow URS"]
[Date "1989.??.??"]
[Round "3"]
[White "Kholmov, Ratmir"]
[Black "Klaric, Zlatko"]
[Result "1/2-1/2"]
[WhiteElo "2510"]
[BlackElo "2445"]
[EventDate "1989.05.??"]
[PlyCount "78"]

1.e4 e5 2.Nf3 Nc6 3.Bb5 Nd4 4.Nxd4 exd4 5.O-O Bc5 6.Bc4 d6 7.Qh5 Qe7 8.d3 
Be6 9.Bg5 Nf6 10.Bxf6 Qxf6 11.Bxe6 Qxe6 12.Nd2 O-O-O 13.a3 g6 14.Qf3 c6 
15.b4 Bb6 16.a4 d5 17.exd5 Rxd5 18.Rfe1 Qd7 19.Nc4 Bc7 20.b5 Re8 21.bxc6 
bxc6 22.Qf6 Re6 23.Qh8+ Qd8 24.Qxd8+ Rxd8 25.Rxe6 fxe6 26.g3 Kd7 27.Rb1 
Rb8 28.Rxb8 Bxb8 29.Kg2 e5 30.Kf3 Ke6 31.Ke4 Bc7 32.h3 a6 33.Nd2 Bd8 34.
Nb3 Kd6 35.Nd2 Ke6 36.Nf3 Bf6 37.g4 g5 38.Nd2 Bd8 39.Nc4 Bc7 1/2-1/2

[Event "2nd GMA World Cup prel  #2"]
[Site "Moscow URS"]
[Date "1989.??.??"]
[Round "3"]
[White "Sveshnikov, Evgeny"]
[Black "Sunye Neto, Jaime"]
[Result "1-0"]
[WhiteElo "2435"]
[BlackElo "2510"]
[EventDate "1989.05.??"]
[PlyCount "91"]

1.e4 c5 2.c3 d5 3.exd5 Qxd5 4.d4 Nf6 5.Nf3 e6 6.Be2 Nc6 7.O-O Be7 8.c4 Qf5
9.Nc3 cxd4 10.Nxd4 Nxd4 11.Qxd4 e5 12.Qd3 O-O 13.Qxf5 Bxf5 14.Be3 Rfc8 15.
Rfd1 Ng4 16.Nd5 Bf8 17.Bd2 Bc5 18.Be1 Kf8 19.h3 Nf6 20.Nxf6 gxf6 21.Bc3 a5
22.Bd3 Be6 23.Bxh7 Bxc4 24.Be4 Rc7 25.Bd5 Bxd5 26.Rxd5 Ke7 27.a4 b6 28.g4 
Rd7 29.Rxd7+ Kxd7 30.Kg2 Ke6 31.Rd1 f5 32.g5 Rg8 33.f4 f6 34.Re1 Bb4 35.
Bxb4 axb4 36.h4 Rd8 37.h5 Rd4 38.h6 fxg5 39.h7 Rd2+ 40.Kg1 Rd8 41.Rxe5+ 
Kf6 42.Rb5 gxf4 43.Rxb6+ Kg5 44.a5 Kg4 45.Rg6+ Kf3 46.a6 1-0

[Event "2nd GMA World Cup prel  #2"]
[Site "Moscow URS"]
[Date "1989.??.??"]
[Round "3"]
[White "Shabalov, Alexander"]
[Black "Zaichik, Gennadi"]
[Result "0-1"]
[WhiteElo "2425"]
[BlackElo "2500"]
[EventDate "1989.05.??"]
[PlyCount "70"]

1.e4 c5 2.Nf3 d6 3.d4 cxd4 4.Nxd4 Nf6 5.Nc3 a6 6.Be3 e6 7.g4 h6 8.Qf3 Nc6 
9.Rg1 Ne5 10.Qe2 b5 11.f4 Nc4 12.O-O-O Nxe3 13.Qxe3 Qb6 14.e5 dxe5 15.fxe5
Nd7 16.Bg2 Ra7 17.Qf4 Be7 18.Kb1 Rc7 19.Ne4 O-O 20.g5 hxg5 21.Nxg5 Nxe5 
22.Be4 Ng6 23.Bxg6 fxg6 24.Qe4 Bxg5 25.Rxg5 Rf6 26.Rxg6 e5 27.Nf3 Rc4 28.
Qd5+ Be6 29.Qd8+ Qxd8 30.Rxd8+ Kh7 31.Rg3 Rg4 32.Rh3+ Kg6 33.b3 Re4 34.
Rg3+ Kf5 35.Nh4+ Rxh4 0-1

[Event "2nd GMA World Cup prel  #2"]
[Site "Moscow URS"]
[Date "1989.??.??"]
[Round "3"]
[White "Malisauskas, Vidmantas"]
[Black "Szekely, Peter"]
[Result "1/2-1/2"]
[WhiteElo "2500"]
[BlackElo "2420"]
[EventDate "1989.05.??"]
[PlyCount "46"]

1.e4 c5 2.Nc3 d6 3.Nge2 Nf6 4.d4 cxd4 5.Nxd4 a6 6.Be3 e6 7.f4 b5 8.Bd3 Bb7
9.Qf3 Nbd7 10.a3 Rc8 11.Nde2 Nc5 12.b4 Nxd3+ 13.cxd3 Be7 14.O-O O-O 15.
Rac1 Nd7 16.Rc2 Bf6 17.Rfc1 Bxc3 18.Rxc3 Rxc3 19.Nxc3 f5 20.Qg3 Rf7 21.
exf5 exf5 22.Bd4 Nf8 23.Ne2 Ne6 1/2-1/2

[Event "2nd GMA World Cup prel  #2"]
[Site "Moscow URS"]
[Date "1989.??.??"]
[Round "3"]
[White "Piskov, Yury"]
[Black "Malaniuk, Vladimir"]
[Result "1-0"]
[WhiteElo "2400"]
[BlackElo "2520"]
[EventDate "1989.05.??"]
[PlyCount "101"]

1.d4 f5 2.Nf3 d6 3.c4 Nf6 4.g3 g6 5.Bg2 Bg7 6.O-O O-O 7.Nc3 Qe8 8.b3 e5 9.
dxe5 dxe5 10.e4 Nc6 11.Nd5 Qd7 12.exf5 e4 13.Ng5 gxf5 14.Be3 Ng4 15.Bc5 
Re8 16.f3 exf3 17.Bxf3 Nce5 18.Bxg4 Nxg4 19.Re1 Rxe1+ 20.Qxe1 h6 21.Ne7+ 
Kh8 22.Rd1 hxg5 23.Rxd7 Bxd7 24.Qd2 Ne5 25.Kf2 f4 26.Ng6+ Nxg6 27.Qxd7 Ne5
28.Qh3+ Kg8 29.gxf4 gxf4 30.Bd4 Re8 31.Bxe5 Bxe5 32.Qd7 Kf8 33.Kf3 b6 34.
b4 Re7 35.Qf5+ Kg8 36.Qg5+ Kf7 37.h4 Bf6 38.Qxf4 Re5 39.Kg4 a5 40.bxa5 
bxa5 41.Qf3 Rc5 42.Qe4 a4 43.Qh7+ Kf8 44.Qd3 Be7 45.Qe4 a3 46.Qe6 Bd8 47.
Qh6+ Kg8 48.h5 Rxc4+ 49.Kf3 Rd4 50.Qg6+ Kf8 51.h6 1-0

[Event "2nd GMA World Cup prel  #2"]
[Site "Moscow URS"]
[Date "1989.??.??"]
[Round "3"]
[White "Rashkovsky, Nukhim"]
[Black "Westerinen, Heikki"]
[Result "1/2-1/2"]
[WhiteElo "2520"]
[BlackElo "2400"]
[EventDate "1989.05.??"]
[PlyCount "83"]

1.Nf3 d5 2.d4 c5 3.c4 dxc4 4.e3 cxd4 5.Bxc4 Nf6 6.O-O e6 7.exd4 Be7 8.Nc3 
O-O 9.Re1 Nbd7 10.Bg5 Nb6 11.Bb3 Nfd5 12.h4 Bxg5 13.hxg5 Bd7 14.Ne4 Bc6 
15.Ne5 Nf4 16.Nxc6 bxc6 17.Qg4 Ng6 18.g3 Nc8 19.Kg2 Nd6 20.Nd2 Nf5 21.Nf3 
Qd6 22.Rac1 Rfd8 23.Rxe6 fxe6 24.Qxf5 Re8 25.Ne5 Nxe5 26.dxe5 Qd7 27.g6 
Rab8 28.Qe4 Rb6 29.Rd1 Qc7 30.Rd6 c5 31.Ba4 Rb4 32.gxh7+ Kh8 33.Qg6 Re7 
34.Qd3 Rd4 35.Rxd4 cxd4 36.Qxd4 Kxh7 37.Bd1 Rd7 38.Qe4+ Kg8 39.Bf3 Rd5 40.
Qg6 Rxe5 41.Qe8+ Kh7 42.Be4+ 1/2-1/2

[Event "2nd GMA World Cup prel  #2"]
[Site "Moscow URS"]
[Date "1989.??.??"]
[Round "3"]
[White "Gheorghiu, Florin"]
[Black "Arakhamia, Ketevan"]
[Result "1/2-1/2"]
[WhiteElo "2515"]
[BlackElo "2395"]
[EventDate "1989.05.??"]
[PlyCount "32"]

1.d4 d5 2.c4 c6 3.Nf3 Nf6 4.Qb3 e6 5.g3 Bd6 6.Bg2 O-O 7.O-O Nbd7 8.Nc3 
dxc4 9.Qxc4 e5 10.Rd1 Qe7 11.Bg5 exd4 12.Nxd4 Nb6 13.Qb3 Bc7 14.Ne4 Nbd5 
15.Rac1 h6 16.Bxf6 Nxf6 1/2-1/2

[Event "2nd GMA World Cup prel  #2"]
[Site "Moscow URS"]
[Date "1989.??.??"]
[Round "3"]
[White "Padevsky, Nikola"]
[Black "Lukov, Valentin"]
[Result "1/2-1/2"]
[WhiteElo "2435"]
[BlackElo "2470"]
[EventDate "1989.05.??"]
[PlyCount "24"]

1.Nf3 Nf6 2.g3 d5 3.Bg2 c6 4.b3 Bf5 5.O-O h6 6.Bb2 e6 7.d3 Be7 8.Nbd2 O-O 
9.c4 Nbd7 10.Qc2 Bh7 11.Rac1 a5 12.a3 Qb8 1/2-1/2

[Event "2nd GMA World Cup prel  #2"]
[Site "Moscow URS"]
[Date "1989.??.??"]
[Round "3"]
[White "Titov, German"]
[Black "Dizdarevic, Emir"]
[Result "1/2-1/2"]
[WhiteElo "2390"]
[BlackElo "2510"]
[EventDate "1989.05.??"]
[PlyCount "45"]

1.d4 Nf6 2.Nf3 e6 3.c4 b6 4.g3 Ba6 5.b3 Bb7 6.Bg2 Bb4+ 7.Bd2 c5 8.O-O O-O 
9.Nc3 cxd4 10.Nxd4 Bxg2 11.Kxg2 Nc6 12.Nxc6 dxc6 13.Qc2 Qc7 14.Rad1 Rfd8 
15.Bf4 Qb7 16.f3 Be7 17.Rxd8+ Rxd8 18.Rd1 Rxd1 19.Qxd1 Qd7 20.Qxd7 Nxd7 
21.Kf2 f5 22.e4 Kf7 23.exf5 1/2-1/2

[Event "2nd GMA World Cup prel  #2"]
[Site "Moscow URS"]
[Date "1989.??.??"]
[Round "3"]
[White "Galliamova, Alisa"]
[Black "Romanishin, Oleg"]
[Result "0-1"]
[WhiteElo "2325"]
[BlackElo "2555"]
[EventDate "1989.05.??"]
[PlyCount "84"]

1.e4 e5 2.Nf3 Nc6 3.Bc4 Nf6 4.d3 Be7 5.O-O O-O 6.Bb3 d6 7.c3 d5 8.Nbd2 
dxe4 9.dxe4 Bc5 10.Qe2 Nh5 11.Nc4 Bg4 12.Be3 Bxe3 13.Qxe3 Qf6 14.Ne1 Rad8 
15.f3 Be6 16.g3 a5 17.a4 Rd7 18.Nd3 b6 19.Rad1 Rfd8 20.Rd2 g6 21.Rfd1 Ng7 
22.Kg2 Qe7 23.Nc1 Ne8 24.Qf2 Nf6 25.Ne3 Rxd2 26.Rxd2 Bxb3 27.Nxb3 Qe6 28.
Rxd8+ Nxd8 29.c4 Qc6 30.Qd2 Nb7 31.Nd5 Nxd5 32.Qxd5 Qxa4 33.Nd2 Qc2 34.
Qxb7 Qxd2+ 35.Kh3 Qd6 36.g4 Qd3 37.Qxc7 Qxf3+ 38.Kh4 Qf2+ 39.Kh3 Qf3+ 40.
Kh4 Qf2+ 41.Kh3 Qxb2 42.g5 Qd4 0-1

[Event "2nd GMA World Cup prel  #2"]
[Site "Moscow URS"]
[Date "1989.??.??"]
[Round "3"]
[White "Zapata, Alonso"]
[Black "Spiridonov, Nikola"]
[Result "1-0"]
[WhiteElo "2490"]
[BlackElo "2390"]
[EventDate "1989.05.??"]
[PlyCount "120"]

1.e4 c6 2.d4 d5 3.Nc3 dxe4 4.Nxe4 Nd7 5.Nf3 Ngf6 6.Ng3 c5 7.Bd3 cxd4 8.O-O
g6 9.Nxd4 Bg7 10.Re1 O-O 11.c3 Nc5 12.Bc2 Bg4 13.Qd2 Rc8 14.h3 Bd7 15.Qf4 
Nd5 16.Qf3 e5 17.Qxd5 exd4 18.Bg5 Qb6 19.cxd4 Ne6 20.Bb3 Bc6 21.Rxe6 fxe6 
22.Qxe6+ Kh8 23.Be3 Rfe8 24.Qg4 Qa5 25.Rc1 Qd8 26.d5 Bd7 27.Rxc8 Qxc8 28.
Qf4 Qb8 29.Qxb8 Rxb8 30.Bxa7 Re8 31.f3 Re1+ 32.Kf2 Rb1 33.Ne4 Rxb2+ 34.Kg3
Kg8 35.f4 b5 36.Kf3 Kf8 37.g4 h5 38.Bc5+ Ke8 39.Nd6+ Kd8 40.Nf7+ Ke8 41.
Ne5 hxg4+ 42.hxg4 g5 43.Nxd7 Kxd7 44.fxg5 Rb1 45.Ke4 Rf1 46.Bb4 Rf2 47.Ke3
Rg2 48.Kf3 Rb2 49.Bc5 Rb1 50.Bc2 Rf1+ 51.Ke2 Rc1 52.Kd2 Rh1 53.Bf5+ Kc7 
54.d6+ Kc6 55.d7 Rh8 56.Be7 Kc7 57.Ke3 Ra8 58.Ke4 Ra4+ 59.Kd5 Rd4+ 60.Ke6 
Rxd7 1-0

[Event "2nd GMA World Cup prel  #2"]
[Site "Moscow URS"]
[Date "1989.??.??"]
[Round "3"]
[White "Lein, Anatoly"]
[Black "Zaitsev, Igor"]
[Result "1/2-1/2"]
[WhiteElo "2485"]
[BlackElo "2390"]
[EventDate "1989.05.??"]
[PlyCount "38"]

1.Nf3 Nf6 2.g3 d5 3.Bg2 e6 4.O-O Be7 5.d3 c5 6.Nbd2 Nc6 7.e4 b6 8.Re1 Bb7 
9.c3 Qc7 10.a3 O-O 11.e5 Nd7 12.Qe2 Rae8 13.h4 f6 14.exf6 Bxf6 15.Nf1 Ba6 
16.N1h2 Nde5 17.Bf4 Nxf3+ 18.Bxf3 Qd8 19.Qd2 e5 1/2-1/2

[Event "2nd GMA World Cup prel  #2"]
[Site "Moscow URS"]
[Date "1989.??.??"]
[Round "3"]
[White "Nikolic, Stanimir"]
[Black "Vasiukov, Evgeny"]
[Result "0-1"]
[WhiteElo "2320"]
[BlackElo "2510"]
[EventDate "1989.05.??"]
[PlyCount "150"]

1.d4 Nf6 2.Nf3 g6 3.c4 Bg7 4.Nc3 O-O 5.e4 d6 6.Be2 Bg4 7.O-O Nfd7 8.Be3 
Nc6 9.Qd2 e5 10.dxe5 dxe5 11.Bg5 Qc8 12.Nd5 Kh8 13.Rad1 Nb6 14.Bf6 Nxd5 
15.Bxg7+ Kxg7 16.cxd5 Bxf3 17.Bxf3 Nd4 18.Qe3 c5 19.Rc1 Qc7 20.Bd1 Qd6 21.
f4 b6 22.b4 cxb4 23.fxe5 Qxe5 24.Rc4 Nf5 25.Qd3 Nd6 26.Rxb4 Rfe8 27.Bf3 
Rac8 28.Ra4 Rc3 29.Qd2 Re7 30.h4 h6 31.Qd4 Qxd4+ 32.Rxd4 Kf6 33.a4 Ke5 34.
Rb4 Rec7 35.a5 b5 36.a6 Ra3 37.h5 Rxa6 38.hxg6 fxg6 39.Be2 Rc2 40.Re1 Raa2
41.Kf1 a5 42.Rb3 b4 43.Rg3 Nxe4 44.Bf3 Re2 45.Rxg6 Rxe1+ 46.Kxe1 Ra1+ 47.
Ke2 Nc3+ 48.Kd3 Nxd5 49.Rxh6 Ra3+ 50.Kc4 Ne3+ 51.Kc5 Ra1 52.Rh8 Kf4 53.
Rf8+ Kg3 54.Be4 Nf1 55.Kb5 Nd2 56.Bd5 Nb1 57.Kc4 Nc3 58.Bc6 Ra3 59.Rf1 Kg4
60.Bb7 Kg5 61.Bc6 Kh4 62.Re1 Kg5 63.Rf1 Ne2 64.Be8 Re3 65.Bd7 Re4+ 66.Kb3 
Nd4+ 67.Ka4 Re5 68.Rd1 Ne2 69.Rf1 Nc3+ 70.Kb3 Ne4 71.Ka2 Nc5 72.Bc8 Re2+ 
73.Kb1 Ne4 74.Rf5+ Kh6 75.Rxa5 Nc3+ 0-1

[Event "2nd GMA World Cup prel  #2"]
[Site "Moscow URS"]
[Date "1989.??.??"]
[Round "3"]
[White "Klinger, Josef"]
[Black "Minasian, Artashes"]
[Result "0-1"]
[WhiteElo "2475"]
[BlackElo "2345"]
[EventDate "1989.05.??"]
[PlyCount "68"]

1.Nf3 g6 2.c4 Bg7 3.Nc3 e5 4.d4 exd4 5.Bg5 f6 6.Qxd4 Nc6 7.Qe3+ Nge7 8.Bh6
O-O 9.Bxg7 Kxg7 10.O-O-O d6 11.h4 h5 12.Qd2 Qe8 13.Nb5 Qf7 14.Nxc7 Qxc4+ 
15.Qc3 Qxc3+ 16.bxc3 Rb8 17.Rxd6 Bg4 18.e3 Rbc8 19.Nb5 Bxf3 20.gxf3 a6 21.
Na3 Ne5 22.Kc2 Rc7 23.Be2 Rfc8 24.c4 Nf5 25.Rb6 Nd7 26.Rb4 Nc5 27.Bd3 Ne7 
28.Bf1 Rd8 29.Nb1 Nc6 30.Rb2 Ne5 31.Nc3 b5 32.f4 Nxc4 33.Bxc4 bxc4 34.Ne2 
c3 0-1

[Event "2nd GMA World Cup prel  #2"]
[Site "Moscow URS"]
[Date "1989.??.??"]
[Round "3"]
[White "Veroci-Petronic, Zsuzsa"]
[Black "Geller, Efim"]
[Result "1/2-1/2"]
[WhiteElo "2335"]
[BlackElo "2480"]
[EventDate "1989.05.??"]
[PlyCount "83"]

1.e4 c5 2.Nf3 d6 3.d4 cxd4 4.Nxd4 Nf6 5.Nc3 g6 6.Bc4 Bg7 7.h3 O-O 8.Bb3 b6
9.O-O Bb7 10.Re1 Nbd7 11.Bg5 h6 12.Bh4 Rc8 13.Nd5 a5 14.c3 e6 15.Nxf6+ 
Nxf6 16.Qd3 Rc7 17.Rad1 Qa8 18.Bc2 Nd7 19.f4 Nc5 20.Qe2 e5 21.fxe5 dxe5 
22.Nf3 b5 23.Bg3 Re8 24.Rd6 Rd7 25.Rxd7 Nxd7 26.Qe3 Qc8 27.Bf2 Bf8 28.Bb3 
Nc5 29.Bd5 Bxd5 30.exd5 e4 31.Nd2 f5 32.Qg3 Kh7 33.Be3 Qd7 34.Nb3 Nd3 35.
Re2 Qxd5 36.Qc7+ Kg8 37.Qb6 Qe6 38.Qb7 Qc8 39.Qd5+ Qe6 40.Qb7 Re7 41.Qb8 
Re8 42.Qb7 1/2-1/2

[Event "2nd GMA World Cup prel  #2"]
[Site "Moscow URS"]
[Date "1989.??.??"]
[Round "3"]
[White "Iailian, Mikhail"]
[Black "Kochiev, Alexander"]
[Result "1/2-1/2"]
[WhiteElo "2325"]
[BlackElo "2475"]
[EventDate "1989.05.??"]
[PlyCount "28"]

1.d4 Nf6 2.c4 d6 3.Nc3 Nbd7 4.e4 e5 5.d5 Be7 6.Be3 O-O 7.f3 Ne8 8.Qd2 h6 
9.Nh3 Nc5 10.g4 Bh4+ 11.Nf2 Nf6 12.O-O-O Bd7 13.Kb1 Nh7 14.Nh3 a5 1/2-1/2

[Event "2nd GMA World Cup prel  #2"]
[Site "Moscow URS"]
[Date "1989.??.??"]
[Round "3"]
[White "Petrosian, Arshak"]
[Black "Vreeken, Corry"]
[Result "1-0"]
[WhiteElo "2475"]
[BlackElo "2165"]
[EventDate "1989.05.??"]
[PlyCount "83"]

1.Nf3 Nf6 2.c4 g6 3.Nc3 d5 4.cxd5 Nxd5 5.Qa4+ c6 6.Qd4 Nf6 7.Qxd8+ Kxd8 8.
e4 h6 9.Bc4 e6 10.d4 Bb4 11.Ne5 Ke7 12.f3 Nbd7 13.Nd3 Ba5 14.Be3 Bc7 15.a4
b6 16.O-O Bb7 17.Rac1 Rac8 18.b4 Ne8 19.Rfd1 g5 20.e5 Ng7 21.Ne4 f5 22.
exf6+ Nxf6 23.Re1 Nxe4 24.fxe4 Bb8 25.a5 Rhd8 26.Nf2 Bf4 27.Bxf4 gxf4 28.
a6 Ba8 29.Rcd1 c5 30.bxc5 bxc5 31.d5 Rb8 32.Nd3 Nh5 33.Ne5 Rb4 34.dxe6 
Rxd1 35.Rxd1 Nf6 36.Ng6+ Ke8 37.e7 Nd7 38.Bd5 Bxd5 39.exd5 Ra4 40.d6 Rxa6 
41.Nxf4 Nf6 42.Nh5 1-0

[Event "2nd GMA World Cup prel  #2"]
[Site "Moscow URS"]
[Date "1989.??.??"]
[Round "3"]
[White "Heemskerk, Fenny"]
[Black "Tseitlin, Mikhail"]
[Result "0-1"]
[WhiteElo "2025"]
[BlackElo "2460"]
[EventDate "1989.05.??"]
[PlyCount "86"]

1.Nf3 Nf6 2.d4 c5 3.d5 e6 4.c4 a6 5.a4 exd5 6.cxd5 g6 7.Nc3 Bg7 8.e4 O-O 
9.Bd3 d6 10.O-O Bg4 11.h3 Bxf3 12.Qxf3 Nbd7 13.Bf4 Qe7 14.Rfe1 Nh5 15.Bh2 
Ne5 16.Qe2 Qg5 17.Bxe5 Bxe5 18.Qg4 Qf6 19.Rac1 Nf4 20.Bf1 h5 21.Qf3 Kg7 
22.b3 Rfb8 23.Ne2 b5 24.Nxf4 Bxf4 25.Ra1 Be5 26.Qxf6+ Kxf6 27.Ra2 bxa4 28.
Rxa4 Rxb3 29.Rxa6 Rxa6 30.Bxa6 h4 31.Kf1 Bd4 32.f3 Ke5 33.Rc1 Rb2 34.Be2 
f5 35.Ke1 fxe4 36.fxe4 Kxe4 37.Bf3+ Ke3 38.Kd1 Kd3 39.Ke1 c4 40.Rd1+ Ke3 
41.Rc1 c3 42.Kd1 Rd2+ 43.Ke1 c2 0-1

[Event "2nd GMA World Cup prel  #2"]
[Site "Moscow URS"]
[Date "1989.??.??"]
[Round "4"]
[White "Gelfand, Boris"]
[Black "Dreev, Alexei"]
[Result "1/2-1/2"]
[WhiteElo "2600"]
[BlackElo "2520"]
[EventDate "1989.05.??"]
[PlyCount "82"]

1.e4 e5 2.Nf3 Nc6 3.Bb5 Nge7 4.O-O g6 5.c3 Bg7 6.d4 exd4 7.cxd4 d5 8.exd5 
Nxd5 9.Re1+ Be6 10.Bxc6+ bxc6 11.Bg5 Qd6 12.Nbd2 O-O 13.Qc1 Rfe8 14.Ne4 
Qb4 15.Bd2 Qb5 16.Ne5 Bf5 17.Ng3 Ne7 18.Bh6 Bxh6 19.Qxh6 f6 20.Re3 fxe5 
21.Rxe5 c5 22.Qg5 Qd7 23.Rae1 Nc6 24.Nxf5 Nxe5 25.Nh6+ Kg7 26.dxe5 Qd8 27.
h4 Qxg5 28.hxg5 Rab8 29.Re2 Rb4 30.f3 Rd4 31.Ng4 Red8 32.e6 Re8 33.Re5 Re7
34.Rxc5 Rd1+ 35.Kh2 Rd6 36.Ne5 Rdxe6 37.f4 Rd6 38.Ra5 c6 39.Ra6 Rb7 40.b3 
h6 41.gxh6+ Kxh6 1/2-1/2

[Event "2nd GMA World Cup prel  #2"]
[Site "Moscow URS"]
[Date "1989.??.??"]
[Round "4"]
[White "Smejkal, Jan"]
[Black "Tukmakov, Vladimir"]
[Result "0-1"]
[WhiteElo "2515"]
[BlackElo "2590"]
[EventDate "1989.05.??"]
[PlyCount "70"]

1.c4 e6 2.Nf3 d5 3.d4 Nf6 4.Bg5 dxc4 5.Qa4+ Nbd7 6.e3 Be7 7.Bxc4 O-O 8.Be2
h6 9.Bh4 c5 10.Nc3 a6 11.O-O b5 12.Qc2 Bb7 13.dxc5 Bxc5 14.Rfd1 Qb8 15.
Bxf6 Nxf6 16.Nd5 Ne4 17.Qxe4 Bxd5 18.Qh4 Qb7 19.Qh3 Be7 20.Nd4 Bf6 21.Bf3 
Rad8 22.Rac1 e5 23.Nb3 e4 24.Nc5 Qe7 25.Bg4 Bxb2 26.Rc2 Bxa2 27.Rxb2 Qxc5 
28.Rxa2 Rxd1+ 29.Bxd1 Rd8 30.Be2 b4 31.g3 b3 32.Ra1 b2 33.Rb1 Qc2 34.Qf1 
a5 35.Bc4 a4 0-1

[Event "2nd GMA World Cup prel  #2"]
[Site "Moscow URS"]
[Date "1989.??.??"]
[Round "4"]
[White "Chernin, Alexander"]
[Black "Olafsson, Helgi"]
[Result "1/2-1/2"]
[WhiteElo "2580"]
[BlackElo "2520"]
[EventDate "1989.05.??"]
[PlyCount "122"]

1.c4 c5 2.g3 g6 3.Bg2 Bg7 4.Nc3 Nc6 5.Nf3 d6 6.O-O Nh6 7.b3 O-O 8.Bb2 Nf5 
9.d3 Rb8 10.Qd2 a6 11.Ng5 Bd7 12.Nd5 Ncd4 13.Ne4 e6 14.Nf4 e5 15.Nd5 Bc6 
16.b4 b6 17.e3 Ne6 18.Qc2 Kh8 19.a4 Bxd5 20.cxd5 Nc7 21.bxc5 bxc5 22.Nd2 
a5 23.Nc4 Na6 24.Bc3 Nb4 25.Qd2 Kg8 26.h4 Ne7 27.e4 f5 28.f4 exf4 29.Bxg7 
Kxg7 30.Qc3+ Kg8 31.gxf4 Nc8 32.h5 Rb7 33.hxg6 hxg6 34.Rf3 Rh7 35.Raf1 Ne7
36.Rg3 Rh6 37.Ne3 Kh7 38.Rff3 Rf7 39.Bh3 Qh8 40.Qxh8+ Kxh8 41.Nc4 Nc8 42.
Rg5 Nc2 43.exf5 gxf5 44.Nxa5 Ne7 45.Nc6 Nxc6 46.dxc6 d5 47.Bxf5 Nd4 48.Rh3
Rxh3 49.Bxh3 Nf3+ 50.Kg2 Nxg5 51.Bd7 c4 52.c7 Rf8 53.dxc4 dxc4 54.fxg5 c3 
55.Bf5 Kg7 56.a5 c2 57.Bxc2 Rc8 58.a6 Rxc7 59.Bd3 Rc3 60.Be4 Ra3 61.Bb7 
Rxa6 1/2-1/2